The influenza viruses and influenza

Guardado en:
Detalles Bibliográficos
Autor principal: Kilbourne, Edwin D.
Formato: Libro
Lenguaje:Undetermined
Publicado: New York Academic Press 1975
Materias:
Etiquetas: Agregar Etiqueta
Sin Etiquetas, Sea el primero en etiquetar este registro!
Thư viện lưu trữ: Trung tâm Học liệu Trường Đại học Cần Thơ
LEADER 00530nam a2200181Ia 4500
001 CTU_125765
008 210402s9999 xx 000 0 und d
082 |a 616.9030194 
082 |b K48 
100 |a Kilbourne, Edwin D. 
245 4 |a The influenza viruses and influenza 
245 0 |c Edwin D. Kilbourne 
260 |a New York 
260 |b Academic Press 
260 |c 1975 
650 |a Influenza,Influenza viruses,Influenza,Influenza viruses 
904 |i Hiếu 
980 |a Trung tâm Học liệu Trường Đại học Cần Thơ